NBA Quiz: Firsts, Mosts, and Onlys - Statistics

General Stats
  • This quiz has been taken 37 times
  • The average score is 4 of 10
Answer Stats
Hint Answer % Correct
How many players from the 1984 NBA draft would join the 1992 USA Olympic "Dream Team? 3
84%
The 1970 NBA Draft had more eventual Hall of Famers than any other: how many? 7
84%
This infamously hot-headed player owns the NBA career record for most ejections (29) and technical fouls (373!) Rasheed Wallace
80%
This Hall of Famer served as the Mayor of Sacramento - the first former NBA player to become mayor of major city (followed by Dave Bing becoming Mayor of Detroit). Kevin Johnson
56%
Ths former NBA big man would later become a US Senator for New Jersey -- also an NBA first. Bill Bradley
36%
This player (also drafted in 1984) at 44 years and 224 days retired as the oldest NBA player in modern times. Kevin Willis
28%
Only three former NBA players have ever gone on to become this (also in the NBA) a referee
20%
This former Utah Jazz big man was the fastest player ejected in an NBA game (well within the first 2 minutes) Greg Ostertag
20%
This former Chicago Bull who shares a name with a British pop singer completed the first four-point play in NBA history on October 21, 1979. Sam Smith
16%
Weighing in at 375 lbs at his peak, this former Suns big man is the heaviest player in NBA history Oliver Miller
12%
No matching quizzes found
Score Distribution
Percent of People with Each Score
Percentile by Number Answered
Your Score History
You have not taken this quiz